LEADER 01420nam a2200253 4500 001 000000343209 003 CaOOAMICUS 005 20201202124418.0 008 201202s1996 fr a 100 u fre r 020 $a2-7200-1104-5 040 $aSeMil$bita 245 10$aMosaïque de langues, mosaïque culturelle :$ble bilinguisme dans le Proche-Orient ancien : actes de la Table-Ronde du 18 novembre 1995 organisée par l'URA 1062 Etudes Sémitiques /$cédités par Françoise Briquel-Chatonnet. 264 1$aParis :$bMaisonneuve,$c1996. 300 $a219 p., [3] c. di tav. :$bill., 1 carta geografica ;$c25 cm 650 4$aLingue semitiche antiche - Atti di congressi.$0(OLS)http://semarc/subject/49732 700 1 $aBriquel-Chatonnet, Françoise.$0(OLS)http://semarc/name/85792 830 0$aAntiquités sémitiques ;$v1.$0(OLS)http://semarc/title/432188 850 $aSeMil 852 $aSeMil$W1$xVenegono$y1$m2R IV 471$j222853$B234200$CSeMilBibl$Z2$F234200 $81 961 $aPerego don Stefano - Omaggio 996 $6020$a2-7200-1104-5$9(OLS)http://semarc/number/291790 996 $6245$aMosaïque de langues, mosaïque culturelle :$ble bilinguisme dans le Proche-Orient ancien : actes de la Table-Ronde du 18 novembre 1995 organisée par l'URA 1062 Etudes Sémitiques$9(OLS)http://semarc/title/432190 996 $6264$aParis :$bMaisonneuve$9(OLS)http://semarc/publisher/29941 LEADER 00842nam a2200217 i 4500 001 000000205743 003 CaOOAMICUS 005 20181022155800.0 008 110901s1926 it u000 u ita u 013 $a184481 040 $aSeMil$bita 245 13$aLe fonti. L'età mitica. 300 $aXVI, 405 p., [16] p. di tav. 490 0 $aBiblioteca di filosofia e scienze [Optima] ;$v3 700 1 $aPais, Ettore <1856-1939>.$0(OLS)http://semarc/name/89659 773 0 $aPais, Ettore <1856-1939>$tStoria di Roma.$dRoma : Optima, 1926-1928.$g1$w()25395 830 0$aBiblioteca di filosofia e scienze ;$v3.$0(OLS)http://semarc/title/419398 850 $aSeMil 852 $aSeMil$W1$xVenegono$y1$m3V III 26$j156237$B156237$CSeMilBibl$Z2$F167590 $81 996 $6245$aLe fonti. L'età mitica$9(OLS)http://semarc/title/297705